<?xml version="1.0" encoding="UTF-8"?>
<record
    xmlns:xsi="http://www.w3.org/2001/XMLSchema-instance"
    xsi:schemaLocation="http://www.loc.gov/MARC21/slim http://www.loc.gov/standards/marcxml/schema/MARC21slim.xsd"
    xmlns="http://www.loc.gov/MARC21/slim">

  <leader>01194cam a22002771a 4500</leader>
  <controlfield tag="001">78574</controlfield>
  <controlfield tag="003">BD-RjUL</controlfield>
  <controlfield tag="005">20211209083138.0</controlfield>
  <controlfield tag="008">010905m13831964iq       b    000 0 ara d</controlfield>
  <datafield tag="035" ind1=" " ind2=" ">
    <subfield code="a">(BD-RjUL)78800</subfield>
  </datafield>
  <datafield tag="040" ind1=" " ind2=" ">
    <subfield code="a">MdU</subfield>
    <subfield code="c">MdU</subfield>
    <subfield code="d">MH</subfield>
    <subfield code="d">CStRLIN</subfield>
    <subfield code="d">CtY</subfield>
    <subfield code="d">StEdU</subfield>
    <subfield code="b">eng</subfield>
  </datafield>
  <datafield tag="041" ind1=" " ind2=" ">
    <subfield code="a">ara</subfield>
  </datafield>
  <datafield tag="082" ind1=" " ind2=" ">
    <subfield code="2">23</subfield>
    <subfield code="a">297.82</subfield>
    <subfield code="b">SHS 1964</subfield>
  </datafield>
  <datafield tag="100" ind1="1" ind2=" ">
    <subfield code="a">&#x634;&#x64A;&#x628;&#x64A;&#x60C; &#x643;&#x627;&#x645;&#x644; &#x645;&#x635;&#x637;&#x641;&#x649;. ;; Shayb&#x12B;, K&#x101;mil Mu&#x1E63;&#x1E6D;af&#xE1;.</subfield>
    <subfield code="9">247601</subfield>
  </datafield>
  <datafield tag="245" ind1="1" ind2="4">
    <subfield code="a">&#x627;&#x644;&#x635;&#x644;&#x629; &#x628;&#x64A;&#x646; &#x627;&#x644;&#x62A;&#x635;&#x648;&#x641; &#x648;&#x627;&#x644;&#x62A;&#x634;&#x64A;&#x639; ;; al-&#x1E62;ilah bayna al-ta&#x1E63;awwuf wa-al-tashayyu&#x2BF; /</subfield>
    <subfield code="c"> &#x62A;&#x623;&#x644;&#x64A;&#x641; &#x643;&#x627;&#x645;&#x644; &#x645;&#x635;&#x637;&#x641;&#x649; &#x627;&#x644;&#x634;&#x64A;&#x628;&#x64A;. ;; ta&#x2BC;l&#x12B;f K&#x101;mil Mu&#x1E63;&#x1E6D;af&#xE1; al-Shayb&#x12B;.</subfield>
  </datafield>
  <datafield tag="246" ind1="1" ind2="5">
    <subfield code="a">Relation between &#x1E63;&#x16B;fism and shi&#x2BF;ism.</subfield>
  </datafield>
  <datafield tag="260" ind1=" " ind2=" ">
    <subfield code="a">&#x628;&#x63A;&#x62F;&#x627;&#x62F; : ;; Baghd&#x101;d :</subfield>
    <subfield code="b">&#x645;&#x637;&#x628;&#x639;&#x629; &#x627;&#x644;&#x632;&#x647;&#x631;&#x627;&#x621;&#x60C; ;; Ma&#x1E6D;ab&#x2BF;at al-Zahr&#x101;&#x2BC;,</subfield>
    <subfield code="c">1963-1964.</subfield>
  </datafield>
  <datafield tag="300" ind1=" " ind2=" ">
    <subfield code="a">2 v. ;</subfield>
    <subfield code="c">24 cm.</subfield>
  </datafield>
  <datafield tag="500" ind1=" " ind2=" ">
    <subfield code="a">Title on added t.p.: The relation between &#x1E63;&#x16B;fism and shi&#x2BF;ism, by K&#x101;mil M. al-Shaib&#x12B;.</subfield>
  </datafield>
  <datafield tag="504" ind1=" " ind2=" ">
    <subfield code="a">Includes bibliographical references.</subfield>
  </datafield>
  <datafield tag="505" ind1="0" ind2=" ">
    <subfield code="a">v. 1. Sh&#x12B;&#x2BF;ism &amp; asceticism. -- v. 2. Sufisum [sic!], futuwwa &amp; malamatis.</subfield>
  </datafield>
  <datafield tag="650" ind1=" " ind2="0">
    <subfield code="a">Sh&#x12B;&#x2BF;ah.</subfield>
    <subfield code="9">249045</subfield>
  </datafield>
  <datafield tag="650" ind1=" " ind2="0">
    <subfield code="a">Sufism.</subfield>
    <subfield code="9">249046</subfield>
  </datafield>
  <datafield tag="650" ind1=" " ind2="0">
    <subfield code="a">Islamic sects.</subfield>
    <subfield code="9">249047</subfield>
  </datafield>
  <datafield tag="942" ind1=" " ind2=" ">
    <subfield code="2">ddc</subfield>
    <subfield code="c">BK</subfield>
  </datafield>
  <datafield tag="999" ind1=" " ind2=" ">
    <subfield code="c">78574</subfield>
    <subfield code="d">78574</subfield>
  </datafield>
  <datafield tag="952" ind1=" " ind2=" ">
    <subfield code="0">0</subfield>
    <subfield code="1">0</subfield>
    <subfield code="2">ddc</subfield>
    <subfield code="4">0</subfield>
    <subfield code="7">1</subfield>
    <subfield code="8">NFIC</subfield>
    <subfield code="a">RUCL</subfield>
    <subfield code="b">RUCL</subfield>
    <subfield code="c">Reading</subfield>
    <subfield code="d">1968-09-17</subfield>
    <subfield code="e">jeitlinger</subfield>
    <subfield code="g">31.00</subfield>
    <subfield code="l">0</subfield>
    <subfield code="o">A 297.82 SHS V-2  1964</subfield>
    <subfield code="r">2021-10-10 00:00:00</subfield>
    <subfield code="t">C-1</subfield>
    <subfield code="w">2021-12-09</subfield>
    <subfield code="y">BK</subfield>
  </datafield>
</record>
